000 00839nam a2200217 a 4500
001 12252909
008 150826s2001 ||||||||||||||||| || u
010 _a00068597
020 _a0821349074
050 _aIBRD(06)AHD/2001/3
100 _aVerspoor, Adriaan
245 1 2 _aA chance to learn : knowledge and finance for education in Sub-Saharan Africa.
260 _aWashington, DC
_c2001
300 _axii, 86 p. : ill. ; 28 cm.
490 _aAfrica region human development
500 _aIncludes bibliographical references (p. 83-86).
650 _aEDUCATION--ECONOMIC ASPECTS--AFRICA, SUB-SAHARAN
650 0 _aEDUCATION AND STATE--AFRICA, SUB-SAHARAN
710 _aWorld Bank
995 _FCBU-MAIN LIBRARY (Kitwe)
_M1
_UAVAILABLE
_WAug 26, 2015
_ZInternational Publications
999 _c37064
_d37064